000 00776nam a2200241Ia 4500
003 OSt
005 20220411153405.0
008 210716s2016 xx 000 0 und d
020 _a9781292266954
040 _cAIMIT LIBRARY
041 _aeng
082 _a658.4012
_26
_bBARJ
100 _aBarney, Jay B.
_929298
245 _aStrategic management and competitive advantage:
_bconcepts /
_cby Jaya B. Barney and William S. Hesterly.
250 _a6th ed.
260 _aUnited Kingdom :
_bPearson Education ,
_c2020.
300 _a390p. ;
_bPB
_c25.5 cm.
650 _aStrategic Management
_929299
650 _aTool Strategic Analysis.
_929300
650 _aCorporate Strategies.
_929301
700 _aHesterly, William S.
_929302
942 _2ddc
_cBK
_e6th
_k658.4012 BARJ
999 _c222359
_d222359